000 nam a22 a 4500
999 _c1196
_d1196
003 AKMAL
005 20170508153542.0
008 170508s2005 my | e l 000 0 may d
020 _a9678915685 (pbk.) :
_cRM29.50
040 _aAKMAL
082 0 4 _a345.5950277 UND
_222
090 0 0 _a345.5950277
_bUND
110 1 _aMalaysia
_9400
245 1 0 _aUndang-Undang Dadah Berbahaya :
_b(hingga 5hb Januari 2005) /
_cdisusun oleh Lembaga Penyelidikan Undang-Undang
260 _aPetaling Jaya :
_bInternational Law Book Services ,
_c2005
300 _a265ms. ;
_c24cm.
650 1 0 _aDrugs
_xLaw and legislation
_zMalaysia
_92109
650 2 0 _aNarcotic laws
_zMalaysia
_92408
650 2 0 _aDrugs of abuse
_xLaw and legislation
_zMalaysia
_92409
710 2 _aLembaga Penyelidikan Undang-Undang
_92410
710 1 _aMalaysia.
_tAkta Dadah Berbahaya, 1952 (Akta 234) & Peraturan-peraturan terpilih
_92411
710 1 _aMalaysia.
_tAkta Dadah Berbahaya [Perlucuthakan Harta], 1988 (Akta 340)
_92412
710 1 _aMalaysia.
_tAkta Dadah Berbahaya [Langkah-langkah Pencegahan Khas], 1985 (Akta 316) & Kaedah-kaedah
_92413
710 1 _aMalaysia.
_tAkta Penagih Dadah [Rawatan dan Pemulihan] 1983 (Akta 283)
_92414
942 _2ddc
_cBOOK